| 000 | 00649nam a2200217Ia 4500 | ||
|---|---|---|---|
| 005 | 20230116131808.0 | ||
| 008 | 131103s9999 xx 000 0 und d | ||
| 020 | _a1 853264504 | ||
| 040 | _aLoreto College | ||
| 041 | _aEnglish | ||
| 082 |
_a821.508 _bCOO |
||
| 245 | 4 |
_aThe wordsworth book of restoration and eighteenth century verse _cedited with an introduction by Tim Cook |
|
| 260 |
_aHertfordshire _bWordsworth Poetry Library _c1997 |
||
| 300 | _axxiii,440 p. | ||
| 504 | _aIncludes index | ||
| 650 | _aEnglish Poetry | ||
| 651 | _a18th Century Poetry - Collection Verse | ||
| 700 | _aCook,Tim,ed. | ||
| 850 | _aLCLIB | ||
| 942 | _cBK | ||
| 999 |
_c5757 _d56236 |
||